Call of Duty Zombies Order - Statistics

General Stats
  • This quiz has been taken 161 times
    124 since last reset
  • The average score is 19 of 57
Answer Stats
Game Map % Correct
Call of Duty: World at War Nacht der Untoten (Night of the Undead)
98%
Call of Duty: Black Ops Kino Der Toten (Cinema of the Dead)
90%
Call of Duty: Black Ops Five
89%
Call of Duty: World at War Shi No Numa (Swamp of Death)
89%
Call of Duty: World at War Verrückt (Insane)
89%
Call of Duty: World at War Der Riese (The Giant)
85%
Call of Duty: Black Ops Dead Ops Arcade
73%
Call of Duty: Black Ops 2 Green Run (Tranzit)
50%
Call of Duty: Black Ops Moon
50%
Call of Duty: Black Ops 2 Excavation Site 64 (Origins)
48%
Call of Duty: Black Ops 3 Shadows of Evil
48%
Call of Duty: Black Ops Shangri-La
48%
Call of Duty: Black Ops 2 Resolution 1295 (Buried)
47%
Call of Duty: Black Ops Ascension
45%
Call of Duty: Black Ops 2 Alcatraz Island (Mob of the Dead)
44%
Call of Duty: Black Ops 2 Nuketown
44%
Call of Duty: Black Ops 2 Great Leap Forward (Die Rise)
42%
Call of Duty: Black Ops Call of the Dead
39%
Call of Duty: Black Ops Der Riese (The Giant)
34%
Call of Duty: Black Ops Nacht der Untoten (Night of the Undead)
34%
Call of Duty: Black Ops Shi No Numa (Swamp of Death)
34%
Call of Duty: Black Ops Verrückt (Insane)
34%
Call of Duty: Black Ops 3 Gorod Krovi (City of Blood)
31%
Call of Duty: Black Ops 3 Der Eisendrache (The Iron Dragon)
29%
Call of Duty: Black Ops 3 Revelations
29%
Call of Duty: Black Ops 3 The Giant
29%
Call of Duty: Black Ops 3 Zetsubou No Shima (Island of Despair)
29%
Call of Duty: Black Ops 3 Nacht der Untoten (Night of the Undead)
27%
Call of Duty: Black Ops 3 Verrückt (Insane)
27%
Call of Duty: Black Ops 3 Dead Ops Arcade 2: Cyber's Avengening
24%
Call of Duty: Black Ops 3 Shi No Numa (Swamp of Death)
24%
Call of Duty: Black Ops 4 IX
23%
Call of Duty: Black Ops 3 Kino Der Toten (Cinema of the Dead)
23%
Call of Duty: Black Ops 3 Moon
23%
Call of Duty: Black Ops 3 Ascension
21%
Call of Duty: Black Ops 3 Origins
21%
Call of Duty: Black Ops 3 Shangri-La
21%
Call of Duty: Black Ops 4 Voyage of Despair
21%
Call of Duty: Black Ops 4 Blood of the Dead
18%
Call of Duty: Black Ops 4 Tag der Toten
18%
Call of Duty: Infinite Warfare Zombies in Spaceland
18%
Call of Duty: Black Ops 4 Alpha Omega
16%
Call of Duty: Black Ops 4 Classified
15%
Call of Duty: Black Ops 4 Dead of the Night
15%
Call of Duty: Infinite Warfare Attack of the Radioactive Thing
13%
Call of Duty: Advanced Warfare Descent
13%
Call of Duty: Infinite Warfare Rave in the Redwoods
13%
Call of Duty: Black Ops 4 Ancient Evil
11%
Call of Duty: Advanced Warfare Carrier
11%
Call of Duty: Advanced Warfare Outbreak
11%
Call of Duty: Infinite Warfare Shaolin Shuffle
11%
Call of Duty: Infinite Warfare The Beast from Beyond
11%
Call of Duty: Advanced Warfare Infection
10%
Call of Duty: Black Ops (DS) House
8%
Call of Duty: Black Ops (DS) Facility
3%
Call of Duty: Black Ops (DS) Temple
3%
Call of Duty: Black Ops (DS) Overlook
2%
No matching quizzes found
Score Distribution
Percent of People with Each Score
Percentile by Number Answered
Your Score History
You have not taken this quiz since the last reset